00309nam a2200121Ia 4500008004100000040001600041041001200057082001700069100001700086245002500103260004800128300001100176230917s9999||||xx |||||||||||||| ||und|| e38678aMAIN aEnglish a658.15 K952F aKuchhal, S C 0aFinancial management aAllahabadbChaitanya Publishing Housec1977 a620 p.